Quảng cáo để khuyến khích tiêu thụ sản phẩm /

Gardado en:
Detalles Bibliográficos
Autor Principal: Nguyễn Thị Lành.
Formato: Sách giấy
Idioma:Vietnamese
Publicado: H. : Khoa học Kỹ thuật, 2000.
Các nhãn: Engadir etiqueta
Sen Etiquetas, Sexa o primeiro en etiquetar este rexistro!
Thư viện lưu trữ: Thư viện Trường Đại học Đà Lạt
LEADER 00666nam a2200277 4500
001 DLU040029083
005 ##20040914
040 # # |a DLU  |b vie 
041 # # |a vie 
044 # # |a vn 
082 # # |a 659  |b NG-L 
100 # # |a Nguyễn Thị Lành. 
245 # # |a Quảng cáo để khuyến khích tiêu thụ sản phẩm /  |c Nguyễn Thị Lành. 
260 # # |a H. :  |b Khoa học Kỹ thuật,  |c 2000. 
300 # # |a 123 tr. ;  |c 16 cm. 
923 # # |a 21/2004 
992 # # |a 11.000 
994 # # |a DLU 
900 # # |a True 
911 # # |a Đào Thị Thu Huyền 
925 # # |a G 
926 # # |a A 
927 # # |a SH 
980 # # |a Thư viện Trường Đại học Đà Lạt